01059nam a2200145 a 4500020002700000020003000027082001600057100001800073245002700091260004600118300001300164520064700177650001900824856007000843 a8173193215 (paperback) a9788173193217 (paperback) a541.369 GUH1 aGuha, Evelyn.10aBasic thermodynamics / a[S.l.] :bNarosa Publishing House,c2000. a288 p. ; aThe book presents a clear and simple exposition of thermodynamic principles to enable beginners to penetrate its fundamental ideas buried under a haze of abstractness and to appreciate the logical development of thermodynamic reasoning. Since thermodynamics often proves conceptually difficult for the beginner, care has been taken to present a clear and simple but comprehensive account of its principles. Applications in various branches of physics (phase transitions, low temperature physics, thermal radiation, power and refrigeration cycles) have been treated in some detail. Worked examples and a set of problems accompany each chapter. athermodynamics40uhttp://www.amazon.com/exec/obidos/ASIN/8173193215/chopaconline-20